[Event "IMP Mezczyzn do lat 20"]
[Site "Chotowa"]
[Date "2023.10.31"]
[Round "6.12"]
[White "Borowik, Wojciech"]
[Black "Zalega, Maciej"]
[Result "1/2-1/2"]
[BlackElo "2155"]
[WhiteElo "1902"]
[LiveChessVersion "1.4.8"]

1. d4 {[%clk 1:30:55]} Nf6 {[%clk 1:30:56]} 2. c4 {[%clk 1:31:16]} g6
{[%clk 1:31:21]} 3. Nf3 {[%clk 1:31:30]} Bg7 {[%clk 1:31:10]} 4. g3
{[%clk 1:31:51]} c6 {[%clk 1:31:35]} 5. Bg2 {[%clk 1:31:44]} O-O {[%clk 1:31:58]}
6. O-O {[%clk 1:31:56]} d5 {[%clk 1:32:24]} 7. b3 {[%clk 1:29:18]} dxc4
{[%clk 1:30:57]} 8. bxc4 {[%clk 1:24:46]} Bf5 {[%clk 1:31:17]} 9. Bb2
{[%clk 1:09:38]} Qb6 {[%clk 1:31:20]} 10. Qb3 {[%clk 0:58:43]} Rd8
{[%clk 1:29:48]} 11. Ba3 {[%clk 0:54:16]} Ne4 {[%clk 0:39:06]} 12. Bxe7
{[%clk 0:33:09]} Re8 {[%clk 0:39:09]} 13. Ba3 {[%clk 0:29:18]} c5
{[%clk 0:39:04]} 14. Bb2 {[%clk 0:25:06]} Nc6 {[%clk 0:38:20]} 15. e3
{[%clk 0:21:53]} Rad8 {[%clk 0:38:10]} 16. Rd1 {[%clk 0:16:41]} Bg4
{[%clk 0:36:06]} 17. Nc3 {[%clk 0:10:31]} Nxc3 {[%clk 0:04:32]} 18. Bxc3
{[%clk 0:10:17]} Qxb3 {[%clk 0:04:18]} 19. axb3 {[%clk 0:10:45]} cxd4
{[%clk 0:04:40]} 20. exd4 {[%clk 0:06:39]} Bxf3 {[%clk 0:04:22]} 21. Bxf3
{[%clk 0:07:07]} Nxd4 {[%clk 0:04:44]} 22. Bxd4 {[%clk 0:06:18]} Bxd4
{[%clk 0:04:58]} 23. Ra2 {[%clk 0:05:35]} Bc5 {[%clk 0:02:15]} 24. Bd5
{[%clk 0:02:43]} Kg7 {[%clk 0:01:18]} 25. b4 {[%clk 0:02:00]} Bxb4
{[%clk 0:00:50]} 26. Rxa7 {[%clk 0:02:22]} Rd7 {[%clk 0:00:34]} 27. Kf1
{[%clk 0:01:48]} Ree7 {[%clk 0:00:32]} 28. Rb1 {[%clk 0:01:37]} Bc5
{[%clk 0:00:36]} 29. Raxb7 {[%clk 0:02:01]} Rxb7 {[%clk 0:01:02]} 30. Bxb7
{[%clk 0:02:14]} Kf6 {[%clk 0:01:07]} 31. Rb5 {[%clk 0:01:50]} Rc7
{[%clk 0:01:18]} 32. Bd5 {[%clk 0:02:04]} Ke7 {[%clk 0:00:54]} 33. Ke2
{[%clk 0:01:43]} Kd6 {[%clk 0:01:20]} 34. Rb2 {[%clk 0:02:03]} Ra7
{[%clk 0:01:09]} 35. Kf3 {[%clk 0:01:12]} Bd4 {[%clk 0:01:09]} 36. Re2
{[%clk 0:01:15]} h5 {[%clk 0:00:53]} 37. Kf4 {[%clk 0:01:29]} Bf6
{[%clk 0:01:02]} 38. f3 {[%clk 0:01:13]} Rc7 {[%clk 0:00:33]} 39. Re8
{[%clk 0:01:11]} Bg7 {[%clk 0:00:57]} 40. Rd8+ {[%clk 0:30:42]} Ke7
{[%clk 0:30:57]} 41. Ra8 {[%clk 0:28:27]} Bf6 {[%clk 0:27:10]} 42. h3
{[%clk 0:24:14]} Bd4 {[%clk 0:26:14]} 43. g4 {[%clk 0:22:00]} hxg4
{[%clk 0:24:51]} 44. Ke4 {[%clk 0:20:54]} Bf2 {[%clk 0:20:55]} 45. fxg4
{[%clk 0:21:04]} Kf6 {[%clk 0:20:05]} 46. Kf3 {[%clk 0:20:42]} Bc5
{[%clk 0:20:15]} 47. h4 {[%clk 0:19:09]} Kg7 {[%clk 0:18:27]} 48. Ra6
{[%clk 0:18:14]} Be7 {[%clk 0:15:54]} 49. Kg3 {[%clk 0:17:11]} Bf6
{[%clk 0:15:10]} 50. h5 {[%clk 0:15:10]} gxh5 {[%clk 0:15:06]} 51. gxh5
{[%clk 0:15:35]} Bg5 {[%clk 0:15:13]} 52. Kg4 {[%clk 0:15:26]} Be3
{[%clk 0:15:24]} 53. Kf5 {[%clk 0:15:51]} Bd2 {[%clk 0:07:48]} 54. Ra3
{[%clk 0:15:30]} Bc1 {[%clk 0:07:06]} 55. Rg3+ {[%clk 0:15:50]} Kh6
{[%clk 0:07:14]} 56. Rg2 {[%clk 0:13:28]} Be3 {[%clk 0:07:22]} 57. Kg4
{[%clk 0:11:43]} Bd4 {[%clk 0:06:47]} 58. Re2 {[%clk 0:11:28]} Bc3
{[%clk 0:06:01]} 59. Re8 {[%clk 0:11:49]} Bd4 {[%clk 0:05:47]} 60. Rf8
{[%clk 0:11:06]} Kg7 {[%clk 0:06:10]} 61. Rd8 {[%clk 0:11:22]} Bb2
{[%clk 0:06:03]} 62. Rd6 {[%clk 0:11:43]} Bc1 {[%clk 0:06:22]} 63. Ra6
{[%clk 0:10:53]} Be3 {[%clk 0:06:16]} 64. Kf5 {[%clk 0:11:03]} Bd2
{[%clk 0:05:12]} 65. Ke5 {[%clk 0:11:21]} Bg5 {[%clk 0:04:53]} 66. Kd4
{[%clk 0:11:30]} Bf6+ {[%clk 0:05:00]} 67. Kd3 {[%clk 0:11:56]} Bg5
{[%clk 0:05:12]} 68. Kc3 {[%clk 0:12:12]} Be3 {[%clk 0:05:14]} 69. Kb3
{[%clk 0:12:16]} Bd2 {[%clk 0:04:36]} 70. Kc2 {[%clk 0:12:09]} Bg5
{[%clk 0:04:41]} 71. Kc3 {[%clk 0:12:35]} Be3 {[%clk 0:05:00]} 72. Kb4
{[%clk 0:12:44]} Bc5+ {[%clk 0:04:46]} 73. Kb5 {[%clk 0:13:03]} Be3
{[%clk 0:04:43]} 74. Ra3 {[%clk 0:12:19]} Bd4 {[%clk 0:04:42]} 75. Rd3
{[%clk 0:11:09]} Bf2 {[%clk 0:04:20]} 76. Bc6 {[%clk 0:09:28]} Re7
{[%clk 0:04:20]} 77. c5 {[%clk 0:07:37]} Re5 {[%clk 0:04:12]} 78. Bd5
{[%clk 0:07:45]} Bxc5 {[%clk 0:04:20]} 79. Kxc5 {[%clk 0:08:11]} Rxh5
{[%clk 0:04:46]} 80. Kd6 {[%clk 0:08:28]} Kf8 {[%clk 0:01:47]} 81. Rf3
{[%clk 0:07:56]} Rh7 {[%clk 0:02:06]} 82. Rf1 {[%clk 0:07:40]} Rh6+
{[%clk 0:02:02]} 83. Kd7 {[%clk 0:07:57]} Rh7 {[%clk 0:02:21]} 84. Rf5
{[%clk 0:07:35]} Rg7 {[%clk 0:02:31]} 85. Bb3 {[%clk 0:07:07]} Rh7
{[%clk 0:02:50]} 86. Rb5 {[%clk 0:07:23]} Rh3 {[%clk 0:02:48]} 87. Rb7
{[%clk 0:07:29]} Rf3 {[%clk 0:02:34]} 88. Bd5 {[%clk 0:07:46]} Rf1
{[%clk 0:01:50]} 89. Rb8+ {[%clk 0:04:25]} 1/2-1/2

[Event "IMP Mezczyzn do lat 20"]
[Site "Chotowa"]
[Date "2023.10.31"]
[Round "6.13"]
[White "Zieba, Hubert"]
[Black "Kondys, Piotr"]
[Result "1/2-1/2"]
[BlackElo "2122"]
[WhiteElo "1805"]
[LiveChessVersion "1.4.8"]

1. d4 {[%clk 1:30:57]} e6 {[%clk 1:28:55]} 2. c4 {[%clk 1:31:22]} d5
{[%clk 1:26:24]} 3. Nf3 {[%clk 1:31:42]} a6 {[%clk 1:26:42]} 4. g3
{[%clk 1:31:45]} dxc4 {[%clk 1:25:54]} 5. Bg2 {[%clk 1:32:06]} b5
{[%clk 1:25:21]} 6. Ne5 {[%clk 1:32:21]} c6 {[%clk 1:25:46]} 7. Nxc6
{[%clk 1:32:44]} Qb6 {[%clk 1:26:08]} 8. Nxb8 {[%clk 1:32:56]} Rxb8
{[%clk 1:26:30]} 9. O-O {[%clk 1:33:12]} Bb7 {[%clk 1:24:36]} 10. e4
{[%clk 1:26:34]} Nf6 {[%clk 1:22:01]} 11. Nc3 {[%clk 1:18:21]} Be7
{[%clk 1:18:54]} 12. e5 {[%clk 1:07:50]} Bxg2 {[%clk 1:12:25]} 13. Kxg2
{[%clk 1:06:11]} Qb7+ {[%clk 1:11:44]} 14. Kg1 {[%clk 0:52:52]} Nd5
{[%clk 1:09:22]} 15. Qg4 {[%clk 0:51:36]} Kf8 {[%clk 1:03:43]} 16. f4
{[%clk 0:38:07]} h5 {[%clk 1:02:33]} 17. Qf3 {[%clk 0:37:46]} Nb4
{[%clk 0:59:37]} 18. Be3 {[%clk 0:29:19]} Qxf3 {[%clk 0:51:42]} 19. Rxf3
{[%clk 0:29:45]} g6 {[%clk 0:50:44]} 20. Rf2 {[%clk 0:20:54]} Nd3
{[%clk 0:44:53]} 21. Rd2 {[%clk 0:18:18]} Bb4 {[%clk 0:45:01]} 22. a3
{[%clk 0:17:18]} Bxc3 {[%clk 0:38:10]} 23. bxc3 {[%clk 0:17:43]} a5
{[%clk 0:31:05]} 24. h4 {[%clk 0:15:35]} Ke7 {[%clk 0:30:48]} 25. Kg2
{[%clk 0:10:35]} Kd7 {[%clk 0:29:43]} 26. Kf3 {[%clk 0:10:52]} Ra8
{[%clk 0:27:41]} 27. Rc2 {[%clk 0:09:30]} a4 {[%clk 0:23:07]} 28. Ke4
{[%clk 0:08:23]} Kc6 {[%clk 0:23:34]} 29. Rb1 {[%clk 0:08:19]} Rad8
{[%clk 0:23:41]} 30. Bg1 {[%clk 0:06:58]} Rd5 {[%clk 0:23:09]} 31. Be3
{[%clk 0:06:36]} Rdd8 {[%clk 0:23:30]} 32. Bg1 {[%clk 0:06:52]} Rd5
{[%clk 0:23:52]} 33. Be3 {[%clk 0:07:18]} Rdd8 {[%clk 0:23:30]} 34. Bg1
{[%clk 0:06:59]} Rd5 {[%clk 0:23:57]} 35. Be3 {[%clk 0:07:21]} 1/2-1/2

[Event "IMP Mezczyzn do lat 20"]
[Site "Chotowa"]
[Date "2023.10.31"]
[Round "6.14"]
[White "Mocko, Maciej"]
[Black "Walaszczyk, Aleksander"]
[Result "0-1"]
[BlackElo "1731"]
[WhiteElo "1862"]
[LiveChessVersion "1.4.8"]

1. d4 {[%clk 1:30:59]} c6 {[%clk 1:30:20]} 2. Nf3 {[%clk 1:30:25]} d5
{[%clk 1:30:39]} 3. Nc3 {[%clk 1:30:46]} Bf5 {[%clk 1:28:20]} 4. Bf4
{[%clk 1:31:11]} Nf6 {[%clk 1:26:42]} 5. e3 {[%clk 1:31:36]} e6 {[%clk 1:25:34]}
6. Ne5 {[%clk 1:31:33]} Bb4 {[%clk 1:24:17]} 7. g4 {[%clk 1:31:15]} Bg6
{[%clk 1:24:32]} 8. h4 {[%clk 1:31:40]} Qa5 {[%clk 1:22:14]} 9. Rb1
{[%clk 1:24:50]} Ne4 {[%clk 1:09:09]} 10. Bd3 {[%clk 1:17:04]} Bxc3+
{[%clk 0:58:27]} 11. bxc3 {[%clk 1:17:25]} Nxc3 {[%clk 0:57:38]} 12. Qd2
{[%clk 1:17:39]} Qxa2 {[%clk 0:57:51]} 13. O-O {[%clk 1:17:22]} Nxb1
{[%clk 0:57:22]} 14. Qb4 {[%clk 1:17:46]} b6 {[%clk 0:48:46]} 15. Bxg6
{[%clk 0:43:29]} hxg6 {[%clk 0:48:18]} 16. Rxb1 {[%clk 0:43:46]} Qa6
{[%clk 0:46:00]} 17. Qd6 {[%clk 0:40:11]} Qb7 {[%clk 0:40:09]} 18. Bg5
{[%clk 0:38:44]} Na6 {[%clk 0:40:28]} 19. Ra1 {[%clk 0:38:58]} Qc7
{[%clk 0:40:25]} 20. Qa3 {[%clk 0:35:42]} Nb8 {[%clk 0:39:43]} 21. Rb1
{[%clk 0:30:12]} Rg8 {[%clk 0:33:41]} 22. Bf4 {[%clk 0:29:37]} Qe7
{[%clk 0:31:40]} 23. Qc3 {[%clk 0:29:26]} Qxh4 {[%clk 0:30:38]} 24. Nxc6
{[%clk 0:23:11]} Rh8 {[%clk 0:30:16]} 25. Kf1 {[%clk 0:22:45]} Qxg4
{[%clk 0:29:53]} 26. Bg3 {[%clk 0:21:39]} Qf3 {[%clk 0:30:07]} 27. Ke1
{[%clk 0:20:30]} Rh1+ {[%clk 0:30:27]} 28. Kd2 {[%clk 0:20:57]} Rxb1
{[%clk 0:30:46]} 29. Qa3 {[%clk 0:20:47]} Qd1+ {[%clk 0:30:50]} 30. Kc3
{[%clk 0:21:15]} Qe1+ {[%clk 0:31:09]} 31. Kd3 {[%clk 0:21:36]} Rd1# 0-1

[Event "IMP Mezczyzn do lat 20"]
[Site "Chotowa"]
[Date "2023.10.31"]
[Round "6.15"]
[White "Marciniak, Leonard"]
[Black "Haladaj, Adam"]
[Result "1-0"]
[BlackElo "1611"]
[WhiteElo "1856"]
[LiveChessVersion "1.4.8"]

1. d4 {[%clk 1:30:55]} Nf6 {[%clk 1:30:58]} 2. c4 {[%clk 1:30:51]} c5
{[%clk 1:30:05]} 3. Nf3 {[%clk 1:31:11]} cxd4 {[%clk 1:29:59]} 4. Nxd4
{[%clk 1:31:34]} Nc6 {[%clk 1:28:35]} 5. Nc3 {[%clk 1:29:59]} g6 {[%clk 1:28:55]}
6. g3 {[%clk 1:29:58]} Bg7 {[%clk 1:29:09]} 7. Bg2 {[%clk 1:30:05]} O-O
{[%clk 1:29:34]} 8. O-O {[%clk 1:30:09]} Qb6 {[%clk 1:25:13]} 9. Nb3
{[%clk 1:24:38]} d6 {[%clk 1:19:05]} 10. Bg5 {[%clk 1:16:49]} h6 {[%clk 1:13:59]}
11. Bxf6 {[%clk 1:16:19]} Bxf6 {[%clk 1:13:50]} 12. Nd5 {[%clk 1:16:20]} Qa6
{[%clk 1:11:13]} 13. Nc7 {[%clk 1:13:55]} Qb6 {[%clk 1:09:04]} 14. Nxa8
{[%clk 1:14:05]} Qd8 {[%clk 1:09:30]} 15. Qd2 {[%clk 1:07:37]} Be6
{[%clk 1:08:44]} 16. Rac1 {[%clk 1:00:36]} Qxa8 {[%clk 1:09:02]} 17. Na5
{[%clk 0:54:20]} Nxa5 {[%clk 1:08:00]} 18. Qxa5 {[%clk 0:54:29]} Qb8
{[%clk 1:05:47]} 19. b3 {[%clk 0:53:59]} b6 {[%clk 1:04:37]} 20. Qd2
{[%clk 0:54:11]} Kg7 {[%clk 1:04:09]} 21. Bd5 {[%clk 0:51:29]} Bh3
{[%clk 1:04:08]} 22. Rfd1 {[%clk 0:50:26]} Qc7 {[%clk 1:04:13]} 23. Bg2
{[%clk 0:50:27]} Be6 {[%clk 1:00:51]} 24. Qb4 {[%clk 0:46:58]} Rb8
{[%clk 0:58:30]} 25. Qb5 {[%clk 0:44:07]} Bd7 {[%clk 0:56:58]} 26. Qd5
{[%clk 0:43:51]} Be6 {[%clk 0:56:45]} 27. Qc6 {[%clk 0:43:43]} Qd8
{[%clk 0:57:08]} 28. Qf3 {[%clk 0:36:14]} Qc7 {[%clk 0:56:09]} 29. h4
{[%clk 0:35:35]} h5 {[%clk 0:56:09]} 30. Kh2 {[%clk 0:34:43]} Bf5
{[%clk 0:55:57]} 31. Rd2 {[%clk 0:33:39]} Bd7 {[%clk 0:51:35]} 32. Bh3
{[%clk 0:32:13]} Bc6 {[%clk 0:51:59]} 33. Qd3 {[%clk 0:31:38]} Qb7
{[%clk 0:51:05]} 34. e3 {[%clk 0:31:12]} Be4 {[%clk 0:48:54]} 35. Qf1
{[%clk 0:31:04]} Qc7 {[%clk 0:48:53]} 36. Bg2 {[%clk 0:30:52]} Bf5
{[%clk 0:48:53]} 37. e4 {[%clk 0:29:52]} Bd7 {[%clk 0:49:05]} 38. f4
{[%clk 0:28:37]} Be8 {[%clk 0:48:16]} 39. Rcd1 {[%clk 0:26:14]} Qc5
{[%clk 0:47:08]} 40. Rd5 {[%clk 0:55:53]} Qc7 {[%clk 1:15:13]} 41. Qe2
{[%clk 0:53:48]} Bc3 {[%clk 1:13:59]} 42. Qe3 {[%clk 0:49:05]} Bb4
{[%clk 1:13:45]} 43. e5 {[%clk 0:47:09]} Bc6 {[%clk 1:11:39]} 44. R5d3
{[%clk 0:43:34]} Bxg2 {[%clk 1:12:03]} 45. Kxg2 {[%clk 0:43:47]} Bc5
{[%clk 1:12:05]} 46. Qe4 {[%clk 0:43:41]} a5 {[%clk 1:11:48]} 47. exd6
{[%clk 0:42:05]} Bxd6 {[%clk 1:12:10]} 48. a4 {[%clk 0:37:55]} Rd8
{[%clk 1:12:13]} 49. f5 {[%clk 0:37:12]} Rf8 {[%clk 1:11:26]} 50. fxg6
{[%clk 0:35:08]} fxg6 {[%clk 1:11:50]} 51. Rf3 {[%clk 0:35:01]} Rxf3
{[%clk 1:11:42]} 52. Qxf3 {[%clk 0:35:29]} Be5 {[%clk 1:11:44]} 53. Rf1
{[%clk 0:35:37]} Bf6 {[%clk 1:12:09]} 54. Qd5 {[%clk 0:35:01]} Qc8
{[%clk 1:12:03]} 55. Re1 {[%clk 0:32:57]} Qg4 {[%clk 1:12:04]} 56. Re4
{[%clk 0:33:11]} Qc8 {[%clk 1:12:18]} 57. Re6 {[%clk 0:33:24]} Qc7
{[%clk 1:12:41]} 58. Rc6 {[%clk 0:33:17]} Qb7 {[%clk 1:12:58]} 59. Qe6
{[%clk 0:33:01]} Bd4 {[%clk 1:12:03]} 60. Qxg6+ {[%clk 0:32:47]} Kf8
{[%clk 1:12:27]} 61. Qe6 {[%clk 0:32:34]} Bf6 {[%clk 1:12:28]} 62. Qc8+
{[%clk 0:30:24]} Qxc8 {[%clk 1:12:52]} 63. Rxc8+ {[%clk 0:30:47]} Kf7
{[%clk 1:13:16]} 64. c5 {[%clk 0:30:51]} bxc5 {[%clk 1:13:31]} 65. Rxc5
{[%clk 0:31:14]} e5 {[%clk 1:13:56]} 66. Rxa5 {[%clk 0:31:36]} e4
{[%clk 1:14:23]} 67. Rxh5 {[%clk 0:31:50]} e3 {[%clk 1:14:45]} 68. Kf3
{[%clk 0:32:14]} 1-0

[Event "IMP Mezczyzn do lat 20"]
[Site "Chotowa"]
[Date "2023.10.31"]
[Round "6.16"]
[White "Mikula, Maciej"]
[Black "Lis, Maksymilian"]
[Result "1/2-1/2"]
[BlackElo "1937"]
[WhiteElo "1936"]
[LiveChessVersion "1.4.8"]

1. e4 {[%clk 1:30:25]} c5 {[%clk 1:30:38]} 2. Nf3 {[%clk 1:30:32]} e6
{[%clk 1:30:43]} 3. d4 {[%clk 1:29:58]} cxd4 {[%clk 1:30:56]} 4. Nxd4
{[%clk 1:30:16]} a6 {[%clk 1:31:11]} 5. Bd3 {[%clk 1:29:43]} Nc6 {[%clk 1:26:29]}
6. Nb3 {[%clk 1:23:06]} Qc7 {[%clk 1:25:14]} 7. Be3 {[%clk 1:22:09]} Nf6
{[%clk 1:24:56]} 8. Qe2 {[%clk 1:20:25]} d5 {[%clk 1:21:22]} 9. N1d2
{[%clk 1:12:07]} Be7 {[%clk 1:18:10]} 10. O-O {[%clk 1:04:38]} Bd7
{[%clk 1:17:02]} 11. c4 {[%clk 1:02:01]} dxe4 {[%clk 1:17:15]} 12. Nxe4
{[%clk 1:01:51]} Nb4 {[%clk 1:10:00]} 13. Nxf6+ {[%clk 0:56:28]} Bxf6
{[%clk 1:10:16]} 14. Be4 {[%clk 0:56:43]} Bc6 {[%clk 1:02:55]} 15. Bc5
{[%clk 0:44:41]} Bxe4 {[%clk 1:02:14]} 16. Qxe4 {[%clk 0:43:38]} Nc6
{[%clk 1:01:39]} 17. Rfd1 {[%clk 0:40:49]} Qe5 {[%clk 1:00:29]} 18. Qxe5
{[%clk 0:39:49]} Bxe5 {[%clk 1:00:07]} 19. Rd2 {[%clk 0:39:43]} Rd8
{[%clk 1:00:15]} 20. Rad1 {[%clk 0:39:31]} Rxd2 {[%clk 1:00:40]} 21. Rxd2
{[%clk 0:39:14]} Bf6 {[%clk 1:00:37]} 22. Kf1 {[%clk 0:38:23]} h5
{[%clk 1:00:02]} 23. Bb6 {[%clk 0:36:08]} Bd8 {[%clk 0:57:32]} 24. Bxd8
{[%clk 0:35:51]} Nxd8 {[%clk 0:57:58]} 25. Nc5 {[%clk 0:36:05]} h4
{[%clk 0:57:51]} 26. h3 {[%clk 0:31:00]} Rh5 {[%clk 0:58:06]} 27. b4
{[%clk 0:31:18]} a5 {[%clk 0:57:11]} 28. a3 {[%clk 0:30:53]} axb4
{[%clk 0:56:18]} 29. axb4 {[%clk 0:31:17]} Re5 {[%clk 0:55:39]} 30. f3
{[%clk 0:21:49]} Nc6 {[%clk 0:43:24]} 31. Nxb7 {[%clk 0:15:51]} Nxb4
{[%clk 0:43:40]} 32. c5 {[%clk 0:15:57]} Rd5 {[%clk 0:42:51]} 33. Nd6+
{[%clk 0:10:54]} Ke7 {[%clk 0:34:00]} 34. Rb2 {[%clk 0:09:51]} Rxc5
{[%clk 0:31:01]} 35. Rxb4 {[%clk 0:10:11]} Kxd6 {[%clk 0:31:27]} 36. Rxh4
{[%clk 0:10:34]} g6 {[%clk 0:31:37]} 37. Ra4 {[%clk 0:09:43]} Ke7
{[%clk 0:31:29]} 38. Kf2 {[%clk 0:09:37]} Rc2+ {[%clk 0:31:48]} 39. Kg3
{[%clk 0:09:51]} Rb2 {[%clk 0:32:13]} 40. Ra7+ {[%clk 0:38:32]} Kf6
{[%clk 1:02:38]} 41. Ra4 {[%clk 0:38:56]} Kg7 {[%clk 1:03:02]} 42. Ra7
{[%clk 0:38:02]} Rc2 {[%clk 1:03:18]} 43. Rb7 {[%clk 0:38:12]} Ra2
{[%clk 1:03:41]} 44. Rc7 {[%clk 0:38:29]} Rb2 {[%clk 1:04:05]} 45. Ra7
{[%clk 0:38:52]} Rc2 {[%clk 1:04:25]} 46. Rb7 {[%clk 0:39:17]} Kf6
{[%clk 1:04:44]} 47. Ra7 {[%clk 0:39:30]} 1/2-1/2

[Event "IMP Mezczyzn do lat 20"]
[Site "Chotowa"]
[Date "2023.10.31"]
[Round "6.17"]
[White "Kraczek, Cezary"]
[Black "Karas, Kacper"]
[Result "1/2-1/2"]
[BlackElo "1445"]
[WhiteElo "1707"]
[LiveChessVersion "1.4.8"]

1. e4 {[%clk 1:30:53]} d5 {[%clk 1:28:21]} 2. exd5 {[%clk 1:30:27]} Qxd5
{[%clk 1:27:50]} 3. d4 {[%clk 1:29:35]} Nf6 {[%clk 1:25:42]} 4. Nf3
{[%clk 1:28:58]} Bg4 {[%clk 1:23:48]} 5. Be2 {[%clk 1:27:54]} e6 {[%clk 1:23:02]}
6. h3 {[%clk 1:24:20]} Bh5 {[%clk 1:20:54]} 7. O-O {[%clk 1:19:49]} Be7
{[%clk 1:20:42]} 8. c4 {[%clk 1:17:09]} Qd8 {[%clk 1:18:29]} 9. Nc3
{[%clk 1:15:08]} Nbd7 {[%clk 1:15:19]} 10. Be3 {[%clk 1:12:30]} O-O
{[%clk 1:14:18]} 11. Qb3 {[%clk 1:06:44]} Qc8 {[%clk 1:09:06]} 12. Rad1
{[%clk 1:02:46]} c5 {[%clk 1:00:17]} 13. d5 {[%clk 0:55:00]} exd5
{[%clk 0:57:17]} 14. cxd5 {[%clk 0:55:11]} Bxf3 {[%clk 0:42:57]} 15. Bxf3
{[%clk 0:53:14]} Ne5 {[%clk 0:43:10]} 16. Be2 {[%clk 0:47:12]} Rd8
{[%clk 0:37:31]} 17. Rfe1 {[%clk 0:35:27]} a6 {[%clk 0:31:05]} 18. f4
{[%clk 0:29:15]} Ng6 {[%clk 0:24:39]} 19. a4 {[%clk 0:27:02]} Bd6
{[%clk 0:24:00]} 20. Qc4 {[%clk 0:25:24]} Qc7 {[%clk 0:22:31]} 21. g3
{[%clk 0:20:37]} Re8 22. Bf2 Re7 {[%clk 0:20:50]} 23. Bd3 {[%clk 0:19:04]} Rae8
{[%clk 0:20:52]} 24. Rxe7 {[%clk 0:16:44]} Rxe7 {[%clk 0:21:20]} 25. Re1
{[%clk 0:16:23]} Rxe1+ 26. Bxe1 Ne7 {[%clk 0:19:46]} 27. Bf2 {[%clk 0:15:16]} Qc8
{[%clk 0:16:38]} 28. Kg2 {[%clk 0:14:39]} g6 {[%clk 0:15:43]} 29. Be2
{[%clk 0:09:22]} Qc7 {[%clk 0:13:57]} 30. Bf3 {[%clk 0:09:05]} Qb6
{[%clk 0:12:54]} 31. b3 {[%clk 0:08:17]} Qb4 {[%clk 0:09:07]} 32. Kf1
{[%clk 0:07:56]} Nc8 {[%clk 0:06:45]} 33. Qxb4 {[%clk 0:07:36]} cxb4
{[%clk 0:07:12]} 34. Ne4 {[%clk 0:07:58]} Nxe4 {[%clk 0:07:06]} 35. Bxe4
{[%clk 0:08:27]} f5 {[%clk 0:06:02]} 36. Bf3 {[%clk 0:08:12]} Kf7
{[%clk 0:05:57]} 37. Ke2 {[%clk 0:08:14]} Ke7 {[%clk 0:04:00]} 38. Kd3
{[%clk 0:07:38]} Kd7 {[%clk 0:03:22]} 39. Bd4 {[%clk 0:03:43]} b5
{[%clk 0:01:59]} 40. axb5 {[%clk 0:33:40]} axb5 {[%clk 0:32:19]} 41. Be3
{[%clk 0:25:45]} Be7 {[%clk 0:20:10]} 42. Kd4 {[%clk 0:18:19]} Kd6
{[%clk 0:18:40]} 43. Bd2 {[%clk 0:17:47]} Bf6+ {[%clk 0:18:49]} 44. Kd3
{[%clk 0:18:00]} Kc5 {[%clk 0:18:30]} 45. Be3+ {[%clk 0:15:05]} Kd6
{[%clk 0:18:39]} 46. Bd2 {[%clk 0:14:49]} 1/2-1/2

[Event "IMP Mezczyzn do lat 20"]
[Site "Chotowa"]
[Date "2023.10.31"]
[Round "6.18"]
[White "Boryna, Szymon"]
[Black "Labedz, Dawid"]
[Result "0-1"]
[BlackElo "1579"]
[WhiteElo "1463"]
[LiveChessVersion "1.4.8"]

1. c4 {[%clk 1:30:46]} e6 {[%clk 1:30:37]} 2. Nc3 {[%clk 1:31:08]} f5
{[%clk 1:30:34]} 3. g3 {[%clk 1:31:30]} Nf6 {[%clk 1:29:55]} 4. Bg2
{[%clk 1:31:55]} c6 {[%clk 1:29:06]} 5. Nf3 {[%clk 1:31:00]} d5 {[%clk 1:29:14]}
6. cxd5 {[%clk 1:29:14]} cxd5 {[%clk 1:29:13]} 7. b3 {[%clk 1:29:28]} Nc6
{[%clk 1:28:42]} 8. Bb2 {[%clk 1:29:33]} d4 {[%clk 1:21:14]} 9. Na4
{[%clk 1:18:24]} Qd6 {[%clk 1:03:50]} 10. Rc1 {[%clk 1:13:24]} e5
{[%clk 0:57:25]} 11. O-O {[%clk 1:03:43]} Rb8 {[%clk 0:49:30]} 12. e3
{[%clk 0:57:48]} Be7 {[%clk 0:39:47]} 13. exd4 {[%clk 0:51:44]} e4
{[%clk 0:34:17]} 14. Ne5 {[%clk 0:49:35]} Nxd4 {[%clk 0:32:46]} 15. Rc4
{[%clk 0:45:53]} Ne6 {[%clk 0:30:40]} 16. Qc1 {[%clk 0:37:37]} O-O
{[%clk 0:28:56]} 17. Nc5 {[%clk 0:26:09]} Nxc5 {[%clk 0:25:07]} 18. Rxc5
{[%clk 0:26:25]} Qxc5 {[%clk 0:23:36]} 19. Qxc5 {[%clk 0:26:08]} Bxc5
{[%clk 0:21:56]} 0-1

[Event "IMP Mezczyzn do lat 20"]
[Site "Chotowa"]
[Date "2023.10.31"]
[Round "7.1"]
[White "Koziorowicz, Michal"]
[Black "Turski, Bartlomiej"]
[Result "0-1"]
[BlackElo "2334"]
[WhiteElo "2288"]
[LiveChessVersion "1.4.8"]

1. e4 {[%clk 1:30:59]} c5 {[%clk 1:25:06]} 2. Nc3 {[%clk 1:30:43]} e6
{[%clk 1:25:01]} 3. Nf3 {[%clk 1:30:34]} d6 {[%clk 1:25:26]} 4. d4
{[%clk 1:30:34]} cxd4 {[%clk 1:25:52]} 5. Nxd4 {[%clk 1:30:47]} Nf6
{[%clk 1:26:16]} 6. Bg5 {[%clk 1:30:09]} Nc6 {[%clk 1:26:04]} 7. Qd3
{[%clk 1:28:08]} Bd7 {[%clk 1:26:24]} 8. O-O-O {[%clk 1:24:53]} a6
{[%clk 1:26:50]} 9. f4 {[%clk 1:24:05]} Be7 {[%clk 1:22:02]} 10. Be2
{[%clk 1:19:49]} Rc8 {[%clk 1:07:29]} 11. Bf3 {[%clk 1:10:39]} Qb6
{[%clk 1:00:53]} 12. Nxc6 {[%clk 1:03:41]} Bxc6 {[%clk 0:55:35]} 13. e5
{[%clk 0:55:35]} dxe5 {[%clk 0:53:51]} 14. fxe5 {[%clk 0:55:44]} Nd5
{[%clk 0:52:52]} 15. Bxe7 {[%clk 0:55:49]} Nxe7 {[%clk 0:52:47]} 16. Bxc6+
{[%clk 0:46:49]} Qxc6 {[%clk 0:52:54]} 17. h4 {[%clk 0:46:48]} O-O
{[%clk 0:46:53]} 18. h5 {[%clk 0:46:39]} h6 {[%clk 0:45:47]} 19. g4
{[%clk 0:43:19]} Qc4 {[%clk 0:37:43]} 20. Rhg1 {[%clk 0:40:00]} Qf4+
{[%clk 0:36:21]} 21. Kb1 {[%clk 0:40:23]} Nc6 {[%clk 0:34:53]} 22. g5
{[%clk 0:35:16]} Rcd8 {[%clk 0:29:23]} 23. Qh3 {[%clk 0:34:30]} Rxd1+
{[%clk 0:29:39]} 24. Nxd1 {[%clk 0:34:47]} hxg5 {[%clk 0:26:39]} 25. Ne3
{[%clk 0:27:39]} Nxe5 {[%clk 0:24:43]} 26. h6 {[%clk 0:26:14]} Qh4
{[%clk 0:16:17]} 27. Qf1 {[%clk 0:22:55]} gxh6 {[%clk 0:15:50]} 28. Qf6
{[%clk 0:23:11]} Nd7 {[%clk 0:14:01]} 29. Qf3 {[%clk 0:23:18]} Qd4
{[%clk 0:12:47]} 30. Rd1 {[%clk 0:21:29]} Ne5 {[%clk 0:12:48]} 31. Qh3
{[%clk 0:21:09]} Qh4 {[%clk 0:12:35]} 32. Qg2 {[%clk 0:19:49]} Qf4
{[%clk 0:11:57]} 33. Qh3 {[%clk 0:17:54]} g4 {[%clk 0:11:28]} 34. Rg1
{[%clk 0:18:16]} Kh7 {[%clk 0:10:45]} 35. Nxg4 {[%clk 0:15:24]} Rg8
{[%clk 0:10:36]} 36. Rf1 {[%clk 0:15:34]} Qxg4 {[%clk 0:10:51]} 37. Qe3
{[%clk 0:15:48]} Rg5 {[%clk 0:10:29]} 38. b3 {[%clk 0:15:23]} Kg7
{[%clk 0:10:04]} 39. Qb6 {[%clk 0:15:36]} Qg2 {[%clk 0:09:57]} 40. Rd1
{[%clk 0:45:33]} h5 {[%clk 0:39:31]} 41. Qd8 {[%clk 0:45:47]} h4 {[%clk 0:38:22]}
42. Qe8 {[%clk 0:46:06]} Nc6 {[%clk 0:38:23]} 43. Rd7 {[%clk 0:46:23]} Qf1+
{[%clk 0:38:44]} 44. Kb2 {[%clk 0:46:46]} Qf6+ {[%clk 0:38:41]} 45. c3
{[%clk 0:47:00]} Qf2+ {[%clk 0:39:08]} 0-1